000 00837cam a2200325 4500500
005 20260405003043.0
041 _afre
042 _adc
100 1 0 _aRontard, Yseult
_eauthor
245 0 0 _aPerspectives/Juillet 2020
260 _c2020.
500 _a82
690 _aChine
690 _aCovid-19
690 _aÉtats-Unis
690 _aFront populaire
690 _aGeorge Floyd
690 _aGuerre froide
690 _aNoir
690 _aNorman Ajari
690 _aOnfray
690 _aPolitique
690 _aProudhon
690 _aRace
690 _aRacisme
690 _aSexe
690 _aSouverainisme
786 0 _nPhilosophie magazine | 140 | 7 | 2020-07-01 | p. 5-5 | 1951-1787
856 4 1 _uhttps://shs.cairn.info/magazine-philosophie-magazine-2020-7-page-5?lang=fr&redirect-ssocas=7080
999 _c2063968
_d2063968